[Event "Xtracon Grandmaster "]
[Site "Koge"]
[Date "2013.10.17"]
[Round "4"]
[White "Pedersen, Hans Dahl"]
[Black "Andreasen, Jon S"]
[Result "0-1"]
[WhiteElo "2187"]
[BlackElo "2239"]
[PlyCount "58"]
[EventDate "2013.10.14"]
[EventType "swiss"]
[EventRounds "9"]
[EventCountry "DEN"]
[Source "ChessBase"]
[SourceDate "2013.11.20"]

1. c4 e5 2. g3 Nc6 3. Bg2 Nge7 4. Nc3 g6 5. d3 Bg7 6. e4 O-O 7. Nge2 d6 8. O-O
Bg4 9. f3 Be6 10. Nd5 Qd7 11. Be3 Nd4 12. Nxd4 exd4 13. Bd2 c6 14. Nxe7+ Qxe7
15. f4 Qd7 16. Rc1 Rfe8 17. Qa4 f5 18. b4 fxe4 19. dxe4 Bxc4 20. Rxc4 b5 21.
Qb3 bxc4 22. Qxc4+ Qe6 23. Qxc6 Rac8 24. Qa4 Qc4 25. Qxa7 d3 26. e5 dxe5 27.
Qb7 Qd4+ 28. Kh1 e4 29. Re1 Qf2 0-1

[Event "Xtracon Grandmaster "]
[Site "Koge"]
[Date "2013.10.17"]
[Round "4"]
[White "Pondal, Jesper"]
[Black "Stuhr, Finn"]
[Result "0-1"]
[WhiteElo "2031"]
[BlackElo "1726"]
[PlyCount "58"]
[EventDate "2013.10.14"]
[EventType "swiss"]
[EventRounds "9"]
[EventCountry "DEN"]
[Source "ChessBase"]
[SourceDate "2013.11.20"]

1. d4 Nf6 2. Bg5 e6 3. Nf3 Be7 4. Nbd2 b6 5. e3 Bb7 6. Bd3 d6 7. c3 Nbd7 8. Qc2
h6 9. Bxf6 Nxf6 10. e4 O-O 11. O-O Qd7 12. Rad1 Rad8 13. Rfe1 Nh5 14. g3 Nf6
15. Bf1 c6 16. Bh3 Qc7 17. a3 a5 18. e5 Nd7 19. exd6 Bxd6 20. Ne4 c5 21. Re3
Be7 22. Qe2 c4 23. Ned2 b5 24. a4 bxa4 25. Qxc4 Bc6 26. Bxe6 Nb6 27. Bxf7+ Rxf7
28. Rxe7 Nxc4 29. Rxc7 Rxc7 0-1

[Event "Xtracon Grandmaster "]
[Site "Koge"]
[Date "2013.10.17"]
[Round "4"]
[White "Rosenkilde, Alexander"]
[Black "Brynell, Stellan"]
[Result "0-1"]
[WhiteElo "2238"]
[BlackElo "2492"]
[PlyCount "78"]
[EventDate "2013.10.14"]
[EventType "swiss"]
[EventRounds "9"]
[EventCountry "DEN"]
[Source "ChessBase"]
[SourceDate "2013.11.20"]

1. d4 e6 2. c4 Nf6 3. g3 c5 4. d5 exd5 5. cxd5 d6 6. Nc3 g6 7. Nf3 Bg7 8. Bg2
O-O 9. O-O Re8 10. Nd2 a6 11. a4 Nbd7 12. h3 Rb8 13. Nc4 Ne5 14. Na3 Nh5 15. e4
Bd7 16. a5 Qxa5 17. g4 Nf6 18. f4 Nexg4 19. hxg4 Nxg4 20. f5 h5 21. Nc2 Qd8 22.
Qf3 Qe7 23. Qg3 b5 24. Bf4 Rb6 25. b4 cxb4 26. Nxb4 Qf6 27. fxg6 Qd4+ 28. Be3
Nxe3 29. gxf7+ Kh7 30. fxe8=Q Nxf1+ 31. Kxf1 Bxe8 32. Rxa6 Rxa6 33. Nxa6 Qxc3
34. Qxd6 b4 35. e5 Bb5+ 36. Kf2 Qb2+ 37. Kg1 Qd4+ 38. Kh1 Qh4+ 39. Kg1 Qe1+ 0-1

[Event "Xtracon Grandmaster "]
[Site "Koge"]
[Date "2013.10.17"]
[Round "4"]
[White "Rozentalis, Eduardas"]
[Black "Nielsen, Peter Heine"]
[Result "1/2-1/2"]
[WhiteElo "2616"]
[BlackElo "2649"]
[PlyCount "24"]
[EventDate "2013.10.14"]
[EventType "swiss"]
[EventRounds "9"]
[EventCountry "DEN"]
[Source "ChessBase"]
[SourceDate "2013.11.20"]

1. e4 e5 2. Nf3 Nc6 3. Bb5 Nf6 4. O-O Nxe4 5. Re1 Nd6 6. Nxe5 Be7 7. Bf1 Nf5 8.
c3 Nxe5 9. Rxe5 d6 10. Re1 O-O 11. d4 d5 12. Nd2 c6 1/2-1/2

[Event "Xtracon Grandmaster "]
[Site "Koge"]
[Date "2013.10.17"]
[Round "4"]
[White "Smith, Axel"]
[Black "Molvig, Henrik"]
[Result "1-0"]
[WhiteElo "2460"]
[BlackElo "2162"]
[PlyCount "83"]
[EventDate "2013.10.14"]
[EventType "swiss"]
[EventRounds "9"]
[EventCountry "DEN"]
[Source "ChessBase"]
[SourceDate "2013.11.20"]

1. g3 g6 2. Bg2 Bg7 3. d4 d6 4. e4 Nf6 5. Nc3 O-O 6. Nge2 e5 7. O-O Nbd7 8. h3
c6 9. a4 a5 10. Be3 b6 11. g4 Bb7 12. Ng3 Qc7 13. g5 Ne8 14. f4 exf4 15. Bxf4
b5 16. axb5 Qb6 17. Be3 cxb5 18. Qd2 b4 19. Na4 Qd8 20. c3 Rb8 21. cxb4 axb4
22. Rfc1 Nc7 23. h4 Na6 24. b3 Qe7 25. Nb2 Ne5 26. Qe2 Qe6 27. dxe5 Qxe5 28.
Nd3 Qxa1 29. Rxa1 Bxa1 30. e5 Bxg2 31. Kxg2 Bc3 32. exd6 Rbd8 33. Ne4 Nb8 34.
Nf4 Rfe8 35. Nxc3 bxc3 36. Qd3 c2 37. Nd5 Re5 38. Nf6+ Kf8 39. Qc3 Nc6 40. Qxc6
Rxe3 41. Qxc2 Re6 42. d7 1-0

[Event "Xtracon Grandmaster "]
[Site "Koge"]
[Date "2013.10.17"]
[Round "4"]
[White "Svensson, Soren"]
[Black "Nielsen, Kai Gylling"]
[Result "1-0"]
[WhiteElo "2015"]
[BlackElo "1809"]
[PlyCount "105"]
[EventDate "2013.10.14"]
[EventType "swiss"]
[EventRounds "9"]
[EventCountry "DEN"]
[Source "ChessBase"]
[SourceDate "2013.11.20"]

1. d4 d5 2. c4 c6 3. Nc3 Nf6 4. Nf3 Bf5 5. e3 h6 6. cxd5 cxd5 7. Qa4+ Bd7 8.
Qb3 Bc6 9. Ne5 Nbd7 10. Nxc6 bxc6 11. Qa4 Qb6 12. a3 e6 13. b4 Bd6 14. Qc2 O-O
15. Bb2 Qc7 16. Rc1 a6 17. g3 Rfc8 18. Bd3 e5 19. Bf5 exd4 20. exd4 Re8+ 21.
Kf1 Nb6 22. Bd3 Qb7 23. Kg2 Re7 24. Na4 Nxa4 25. Qxa4 Rc7 26. Rhe1 a5 27. b5
cxb5 28. Qxb5 Qxb5 29. Bxb5 Rxc1 30. Rxc1 Rb8 31. a4 Ne4 32. Rc6 Bb4 33. f3 Ng5
34. Bc1 Ne6 35. Be3 g5 36. h4 Kg7 37. Kh3 Be7 38. hxg5 hxg5 39. Kg4 Rd8 40. f4
gxf4 41. gxf4 Bf6 42. Ra6 Bxd4 43. Bxd4+ Nxd4 44. Rxa5 Nb3 45. Ra7 Kf6 46. a5
Rg8+ 47. Kh3 Rd8 48. Kg2 Nd4 49. Bd3 Nc6 50. Ra6 Rd6 51. Bb5 Kf5 52. Rxc6 Rd8
53. Kf3 1-0

[Event "Xtracon Grandmaster "]
[Site "Koge"]
[Date "2013.10.17"]
[Round "4"]
[White "Tolba, Henri"]
[Black "Smidt Nielsen, Henrik"]
[Result "1/2-1/2"]
[WhiteElo "1716"]
[BlackElo "1953"]
[PlyCount "53"]
[EventDate "2013.10.14"]
[EventType "swiss"]
[EventRounds "9"]
[EventCountry "DEN"]
[Source "ChessBase"]
[SourceDate "2013.11.20"]

1. e4 c5 2. Nf3 d6 3. d4 cxd4 4. Nxd4 Nf6 5. Nc3 a6 6. Be3 e6 7. f3 Be7 8. Qd2
Qc7 9. Bd3 Nbd7 10. Qf2 Nc5 11. Nb3 Nfd7 12. Nxc5 Nxc5 13. O-O O-O 14. f4 b5
15. f5 Bd7 16. Qg3 Kh8 17. Bd4 f6 18. Qg4 Nxd3 19. cxd3 e5 20. Nd5 Qd8 21. Bb6
Qb8 22. Nxe7 Qxb6+ 23. Kh1 Be8 24. Qh4 Ra7 25. Nc8 Qd4 26. Nxa7 Qxa7 27. Qf2
1/2-1/2

[Event "Xtracon Grandmaster "]
[Site "Koge"]
[Date "2013.10.17"]
[Round "4"]
[White "Vovk, Oksana"]
[Black "Kjartansson, Gudmundur"]
[Result "0-1"]
[WhiteElo "2132"]
[BlackElo "2447"]
[PlyCount "140"]
[EventDate "2013.10.14"]
[EventType "swiss"]
[EventRounds "9"]
[EventCountry "DEN"]
[Source "ChessBase"]
[SourceDate "2013.11.20"]

1. Nf3 Nf6 2. c4 b6 3. g3 Bb7 4. Bg2 g6 5. Nc3 Bg7 6. O-O O-O 7. d4 Ne4 8. Nxe4
Bxe4 9. Qd2 e6 10. b3 d6 11. Bb2 Nd7 12. Rad1 Qe7 13. Qe3 Bb7 14. Rd2 Rfe8 15.
Rfd1 a5 16. Ne1 Bxg2 17. Kxg2 a4 18. Nc2 Nf6 19. Nb4 d5 20. Nc6 Qd6 21. Ne5
Rec8 22. c5 bxc5 23. dxc5 Qf8 24. b4 c6 25. a3 Ra7 26. Rc2 Rb7 27. Qd3 Ra7 28.
Bd4 Ne8 29. b5 cxb5 30. Qxb5 Rac7 31. Qxa4 Bxe5 32. Bxe5 Rxc5 33. Rxc5 Qxc5 34.
Qd7 Ra8 35. Ra1 Qc4 36. Qb7 Qe4+ 37. Kh3 Qxe5 38. Qxa8 Qxa1 39. Qxe8+ Kg7 40.
Kg2 Qxa3 41. Qb8 Qc3 42. Qd6 Qb2 43. Kf3 Qb1 44. Qe5+ Kg8 45. h4 Qf5+ 46. Qxf5
gxf5 47. Kf4 f6 48. Ke3 e5 49. Kd3 Kf7 50. Kc3 Ke6 51. Kb4 Kd6 52. Kb5 d4 53.
Kc4 h5 54. e3 dxe3 55. fxe3 Kc6 56. Kc3 Kc5 57. Kd3 Kd5 58. Kd2 Ke4 59. Ke2 f4
60. exf4 exf4 61. gxf4 Kxf4 62. Kf2 Kg4 63. Kg2 Kxh4 64. Kf3 Kg5 65. Kg3 f5 66.
Kf3 f4 67. Kf2 Kg4 68. Kg2 f3+ 69. Kh2 Kf4 70. Kg1 Ke3 0-1

[Event "Xtracon Grandmaster "]
[Site "Koge"]
[Date "2013.10.17"]
[Round "4"]
[White "Wahlstrom, Lennart"]
[Black "Lund, Silas"]
[Result "0-1"]
[WhiteElo "2105"]
[BlackElo "2416"]
[PlyCount "98"]
[EventDate "2013.10.14"]
[EventType "swiss"]
[EventRounds "9"]
[EventCountry "DEN"]
[Source "ChessBase"]
[SourceDate "2013.11.20"]

1. e4 c5 2. Nf3 d6 3. d4 cxd4 4. Nxd4 Nf6 5. Nc3 g6 6. Be2 Bg7 7. O-O Nc6 8.
Nb3 O-O 9. Be3 Be6 10. f4 Qc8 11. Kh1 Rd8 12. Bf3 Nd7 13. Nd4 Bc4 14. Nxc6 bxc6
15. Rf2 Rb8 16. Bxa7 Rxb2 17. Bd4 Nf6 18. e5 dxe5 19. fxe5 Nh5 20. Rd2 Rb8 21.
Bxh5 gxh5 22. Qxh5 c5 23. Be3 Qe6 24. Rxd8+ Rxd8 25. Re1 Qxe5 26. Qxe5 Bxe5 27.
Na4 Bxa2 28. Nxc5 Bc3 29. Rf1 Bc4 30. Rb1 f5 31. h4 Kf7 32. Bg5 Bd5 33. Nd3 Be4
34. Rb3 Rc8 35. Ra3 Bd4 36. Ra4 e5 37. Ra6 Rxc2 38. Rf6+ Kg7 39. Ne1 Rf2 40.
Nf3 Bxf3 41. gxf3 Rxf3 42. Kg2 e4 43. Ra6 Be3 44. Bf6+ Kg6 45. Be5+ Kh5 46. Rf6
Kg4 47. Rf8 Rf2+ 48. Kg1 Kh3 49. h5 Rf3+ 0-1

[Event "Xtracon Grandmaster "]
[Site "Koge"]
[Date "2013.10.17"]
[Round "4"]
[White "Wang, Peter"]
[Black "Knudsen, Martin Mosgaard"]
[Result "1-0"]
[WhiteElo "1941"]
[BlackElo "1683"]
[PlyCount "63"]
[EventDate "2013.10.14"]
[EventType "swiss"]
[EventRounds "9"]
[EventCountry "DEN"]
[Source "ChessBase"]
[SourceDate "2013.11.20"]

1. e4 c5 2. Nf3 d6 3. d4 cxd4 4. Nxd4 Nf6 5. Nc3 a6 6. Bg5 e6 7. f4 Be7 8. Qf3
Nc6 9. O-O-O Nxd4 10. Rxd4 Qc7 11. Rd1 Bd7 12. Bd3 Rb8 13. Rhe1 Bc6 14. Kb1 b5
15. g4 b4 16. Ne2 a5 17. Bxf6 Bxf6 18. g5 Be7 19. Nd4 O-O 20. Re3 a4 21. Qh5 g6
22. Qh6 Bd8 23. Rh3 f5 24. Nxe6 Qe7 25. Qxf8+ Qxf8 26. Nxf8 fxe4 27. Bc4+ d5
28. Bxd5+ Bxd5 29. Rxd5 Kxf8 30. Rxh7 e3 31. Re5 Bb6 32. Rh8+ 1-0

[Event "Xtracon Grandmaster "]
[Site "Koge"]
[Date "2013.10.18"]
[Round "5"]
[White "Akdag, Dara Sevkan"]
[Black "Antonsen, Mikkel"]
[Result "0-1"]
[WhiteElo "2278"]
[BlackElo "2449"]
[PlyCount "69"]
[EventDate "2013.10.14"]
[EventType "swiss"]
[EventRounds "9"]
[EventCountry "DEN"]
[Source "ChessBase"]
[SourceDate "2013.11.20"]

1. Nf3 Nf6 2. g3 g6 3. Bg2 Bg7 4. O-O d5 5. d3 O-O 6. Nc3 Nbd7 7. e4 dxe4 8.
dxe4 e5 9. Bg5 h6 10. Be3 c6 11. a4 Qe7 12. Qe2 a5 13. Rfd1 Nc5 14. Qc4 Na6 15.
Qb3 Ng4 16. Bd2 Qc5 17. Be1 Be6 18. Qa3 Qxa3 19. Rxa3 Nb4 20. Rc1 h5 21. h3 Bh6
22. Bd2 Bxd2 23. Nxd2 Nf6 24. Nf3 Nd7 25. Ng5 Nc5 26. Bf1 Rfd8 27. Nd1 Kf8 28.
Ne3 Bd7 29. c3 Nbd3 30. Rb1 f6 31. Nf3 Be6 32. b4 Nxe4 33. Bxd3 Rxd3 34. bxa5
Nxc3 35. Kg2 0-1

[Event "Xtracon Grandmaster "]
[Site "Koge"]
[Date "2013.10.18"]
[Round "5"]
[White "Akesson, Ralf"]
[Black "Ozkan, Salih"]
[Result "1-0"]
[WhiteElo "2465"]
[BlackElo "1797"]
[PlyCount "83"]
[EventDate "2013.10.14"]
[EventType "swiss"]
[EventRounds "9"]
[EventCountry "DEN"]
[Source "ChessBase"]
[SourceDate "2013.11.20"]

1. d4 d5 2. Nf3 Nf6 3. c4 c6 4. e3 Bf5 5. Nc3 e6 6. Nh4 Bg4 7. Qb3 Qb6 8. f3
Qxb3 9. axb3 Bf5 10. Nxf5 exf5 11. c5 Nbd7 12. b4 b5 13. Bd3 g6 14. Ra6 Nb8 15.
Ra3 Be7 16. Bd2 Bd8 17. Kf2 Kd7 18. h3 h5 19. e4 fxe4 20. fxe4 dxe4 21. Bxe4
Nxe4+ 22. Nxe4 f5 23. Ng5 Bf6 24. Rd1 Kc8 25. Nf7 Bxd4+ 26. Kf1 Bxb2 27. Rb3
Bf6 28. Nxh8 Bxh8 29. Rg3 Nd7 30. Rxg6 a5 31. Rg8+ Kb7 32. Rxa8 Kxa8 33. Bf4
Nxc5 34. bxc5 Bc3 35. Ke2 a4 36. Kd3 Bb2 37. Kc2 Ba3 38. Rd8+ Kb7 39. Rd7+ Ka6
40. Bd6 b4 41. Kd3 b3 42. Kc4 1-0

[Event "Xtracon Grandmaster "]
[Site "Koge"]
[Date "2013.10.18"]
[Round "5"]
[White "Andersen, Daniel"]
[Black "Rosenkilde, Alexander"]
[Result "0-1"]
[WhiteElo "1933"]
[BlackElo "2238"]
[PlyCount "96"]
[EventDate "2013.10.14"]
[EventType "swiss"]
[EventRounds "9"]
[EventCountry "DEN"]
[Source "ChessBase"]
[SourceDate "2013.11.20"]

1. c4 e5 2. Nc3 Nf6 3. Nf3 Nc6 4. e4 Bc5 5. Nxe5 Nxe5 6. d4 Bb4 7. dxe5 Nxe4 8.
Qd3 Nxc3 9. bxc3 Be7 10. Qg3 Kf8 11. Be2 d6 12. Bf4 Bh4 13. Qe3 dxe5 14. Rd1
Qe7 15. Qxe5 Qxe5 16. Bxe5 c6 17. Bd6+ Kg8 18. O-O Bf5 19. Bd3 Be6 20. Rb1 Rd8
21. c5 Rd7 22. Be4 f5 23. Bc2 Kf7 24. Bb3 Bxb3 25. Rxb3 Re8 26. a4 Re2 27. g3
Bd8 28. Rfb1 b6 29. c4 Ra2 30. cxb6 axb6 31. c5 Rxa4 32. Rxb6 Bxb6 33. cxb6 Rb7
34. Bc7 c5 35. Rb5 Rc4 36. Bd6 Rb4 37. Ra5 R4xb6 38. Bxc5 Rb5 39. Rxb5 Rxb5 40.
Be3 Ke6 41. Bd4 g6 42. Be3 Kd5 43. h4 Ke4 44. Kg2 Rb3 45. Bc5 f4 46. gxf4 Kxf4
47. Be7 Kg4 48. Bg5 Rh3 0-1

[Event "Xtracon Grandmaster "]
[Site "Koge"]
[Date "2013.10.18"]
[Round "5"]
[White "Andersen, Morten"]
[Black "Larsen, Preben R"]
[Result "1-0"]
[WhiteElo "2153"]
[BlackElo "1821"]
[PlyCount "98"]
[EventDate "2013.10.14"]
[EventType "swiss"]
[EventRounds "9"]
[EventCountry "DEN"]
[Source "ChessBase"]
[SourceDate "2013.11.20"]

1. d4 Nf6 2. c4 e6 3. Nf3 Bb4+ 4. Bd2 Qe7 5. Qc2 d5 6. a3 Bxd2+ 7. Nbxd2 O-O 8.
e4 dxe4 9. Nxe4 Nbd7 10. Bd3 Nxe4 11. Bxe4 f5 12. Bd3 e5 13. Bxf5 g6 14. Be4
exd4 15. O-O-O c5 16. Rde1 Qg7 17. h4 Nf6 18. Bd3 Bg4 19. Ng5 Rae8 20. f3 Bd7
21. Qd2 Rxe1+ 22. Rxe1 Re8 23. Rxe8+ Nxe8 24. h5 Bf5 25. hxg6 Bxd3 26. Qxd3
Qxg6 27. Qxg6+ hxg6 28. Ne4 b6 29. b4 cxb4 30. axb4 Kf7 31. Kc2 Ke6 32. Kd3 Ke5
33. g3 a5 34. f4+ Kf5 35. c5 bxc5 36. bxa5 Nc7 37. Nxc5 g5 38. fxg5 Kxg5 39.
Kxd4 Kf5 40. Ne4 Kg4 41. Ke5 Na6 42. Kd4 Nc7 43. Ke3 Nd5+ 44. Kf2 Nb4 45. Nc5
Nc6 46. a6 Kf5 47. Kf3 Ne5+ 48. Kg2 Nc6 49. Nd3 Kg4 1-0

[Event "Xtracon Grandmaster "]
[Site "Koge"]
[Date "2013.10.18"]
[Round "5"]
[White "Andreasen, Jon S"]
[Black "Rozentalis, Eduardas"]
[Result "1/2-1/2"]
[WhiteElo "2239"]
[BlackElo "2616"]
[PlyCount "177"]
[EventDate "2013.10.14"]
[EventType "swiss"]
[EventRounds "9"]
[EventCountry "DEN"]
[Source "ChessBase"]
[SourceDate "2013.11.20"]

1. d4 Nf6 2. c4 e6 3. Nc3 Bb4 4. e3 b6 5. Nge2 Bb7 6. a3 Be7 7. d5 O-O 8. Ng3
Bd6 9. Be2 Be5 10. e4 Re8 11. f3 Bxc3+ 12. bxc3 d6 13. O-O Nbd7 14. Bf4 a5 15.
Qd2 Ba6 16. Rad1 Qe7 17. Rfe1 Qf8 18. h3 h6 19. Nf1 Qe7 20. g4 Nh7 21. Kg2 Ndf8
22. Ne3 Ng6 23. Bg3 Qf6 24. Nc2 e5 25. Ne3 Nf4+ 26. Bxf4 exf4 27. Nf5 g6 28.
Nd4 h5 29. Bd3 Nf8 30. Ne2 g5 31. Nd4 Ng6 32. Rg1 Bc8 33. Kf2 hxg4 34. hxg4 Bd7
35. Rh1 Kg7 36. Rh2 Rh8 37. Rdh1 Rxh2+ 38. Rxh2 Ne5 39. Be2 Rh8 40. Rxh8 Kxh8
41. Qd1 Qh6 42. Kg2 Kg7 43. Qh1 Qxh1+ 44. Kxh1 Kf6 45. Kg2 Ba4 46. Nb5 Bxb5 47.
cxb5 Nd7 48. Kf2 Nc5 49. Bd1 Ke5 50. Bc2 f5 51. gxf5 Kf6 52. Kg2 Nd7 53. Bd3
Kg7 54. Kh3 Kh6 55. Be2 Kh5 56. Bd1 Nf6 57. Bc2 g4+ 58. fxg4+ Kg5 59. Kg2 Nxg4
60. Bd3 Kf6 61. Be2 Ne5 62. Kf2 Nf7 63. Bf3 Ng5 64. Kg2 Ke5 65. Kf2 Nh7 66. Ke2
Nf6 67. Kd3 Nd7 68. Ke2 Nc5 69. Kd2 Kf6 70. Ke2 Kg5 71. Kd2 Nd7 72. Ke2 Ne5 73.
a4 Nc4 74. Ke1 Nb2 75. Bd1 Kf6 76. Kd2 Nc4+ 77. Ke2 Ne3 78. Bb3 Kg5 79. Kf3 Ng4
80. Bc2 Ne5+ 81. Kf2 Kg4 82. Bd1+ Kh4 83. Be2 Kg5 84. Kg2 Nd7 85. Bd1 Ne5 86.
Be2 Nf7 87. Kf3 Nh6 88. Bd1 Ng4 89. Be2 1/2-1/2

[Event "Xtracon Grandmaster "]
[Site "Koge"]
[Date "2013.10.18"]
[Round "5"]
[White "Brynell, Stellan"]
[Black "Hoi, Carsten"]
[Result "0-1"]
[WhiteElo "2492"]
[BlackElo "2393"]
[PlyCount "60"]
[EventDate "2013.10.14"]
[EventType "swiss"]
[EventRounds "9"]
[EventCountry "DEN"]
[Source "ChessBase"]
[SourceDate "2013.11.20"]

1. d4 Nf6 2. c4 g6 3. g3 Bg7 4. Bg2 O-O 5. Nc3 d6 6. Nf3 c6 7. O-O Bf5 8. Ne1
Qc8 9. e4 Bh3 10. Bxh3 Qxh3 11. f3 c5 12. d5 Nbd7 13. Nd3 Nb6 14. Nf2 Qd7 15.
Qd3 e6 16. Bd2 exd5 17. exd5 a6 18. b3 Nc8 19. a4 Ne7 20. g4 Rae8 21. Rae1 Qd8
22. Nce4 Nxe4 23. Nxe4 Qd7 24. Bc3 f6 25. Re2 f5 26. Ng5 Bxc3 27. Qxc3 Nxd5 28.
Qd2 Rxe2 29. Qxe2 Nf4 30. Qd2 fxg4 0-1

[Event "Xtracon Grandmaster "]
[Site "Koge"]
[Date "2013.10.18"]
[Round "5"]
[White "Danielsen, Henrik"]
[Black "Pedersen, Hans Dahl"]
[Result "1-0"]
[WhiteElo "2501"]
[BlackElo "2187"]
[PlyCount "89"]
[EventDate "2013.10.14"]
[EventType "swiss"]
[EventRounds "9"]
[EventCountry "DEN"]
[Source "ChessBase"]
[SourceDate "2013.11.20"]

1. Nf3 d5 2. d3 Nf6 3. Nbd2 c6 4. c3 Bg4 5. h3 Bxf3 6. Nxf3 e6 7. Qc2 Bd6 8. e4
Nbd7 9. Be2 Qc7 10. O-O O-O 11. Re1 Rfe8 12. Bf1 e5 13. Bg5 Bf8 14. Rad1 h6 15.
Bc1 Rad8 16. b4 d4 17. cxd4 Bxb4 18. Re2 Bd6 19. dxe5 Nxe5 20. Nh4 Ng6 21. Nxg6
fxg6 22. d4 Bf4 23. Bb2 Qd7 24. Ree1 Bb8 25. e5 Nd5 26. Qxg6 Qf7 27. Qxf7+ Kxf7
28. g3 g5 29. Be2 Kg6 30. Bd3+ Kg7 31. Be4 Bc7 32. Rf1 Bb6 33. a3 Nc7 34. Kg2
Ne6 35. d5 cxd5 36. Bxd5 Bd4 37. Bxd4 Rxd5 38. Ba1 Red8 39. Rxd5 Rxd5 40. f4
Rd2+ 41. Kg1 gxf4 42. gxf4 Nd4 43. f5 Nc2 44. e6+ Kg8 45. f6 1-0

[Event "Xtracon Grandmaster "]
[Site "Koge"]
[Date "2013.10.18"]
[Round "5"]
[White "Eriksson, Kristian"]
[Black "Christophersen, David"]
[Result "1-0"]
[WhiteElo "2093"]
[BlackElo "1811"]
[PlyCount "65"]
[EventDate "2013.10.14"]
[EventType "swiss"]
[EventRounds "9"]
[EventCountry "DEN"]
[Source "ChessBase"]
[SourceDate "2013.11.20"]

1. e4 d6 2. d4 Nf6 3. Nc3 g6 4. Bg5 Bg7 5. Qd2 Nbd7 6. Bh6 O-O 7. O-O-O c5 8.
Bxg7 Kxg7 9. e5 dxe5 10. dxe5 Ng4 11. f4 a6 12. Nf3 Qa5 13. Kb1 Nb6 14. h3 Nh6
15. g4 f5 16. exf6+ exf6 17. Qe3 Bd7 18. Ne4 Be6 19. a3 Rad8 20. Be2 Na4 21.
Nfd2 f5 22. Ng5 Bg8 23. Qe5+ Rf6 24. Nb3 Qb6 25. Qe7+ Nf7 26. Rxd8 Qxd8 27.
Ne6+ Rxe6 28. Qxe6 b5 29. Rd1 Qa8 30. gxf5 gxf5 31. Rg1+ Kf8 32. Qxf5 Qe8 33.
Qg4 1-0

[Event "Xtracon Grandmaster "]
[Site "Koge"]
[Date "2013.10.18"]
[Round "5"]
[White "Fries Nielsen, Jens Ove"]
[Black "Smith, Axel"]
[Result "0-1"]
[WhiteElo "2386"]
[BlackElo "2460"]
[PlyCount "126"]
[EventDate "2013.10.14"]
[EventType "swiss"]
[EventRounds "9"]
[EventCountry "DEN"]
[Source "ChessBase"]
[SourceDate "2013.11.20"]

1. e4 c5 2. Nf3 e6 3. Nc3 a6 4. g3 b5 5. Bg2 Bb7 6. d3 d6 7. O-O Nf6 8. Ng5 h6
9. Nh3 Nc6 10. f4 Be7 11. Kh1 Qc7 12. Bd2 Nd4 13. Ne2 Nxe2 14. Qxe2 d5 15. e5
Nd7 16. f5 Qxe5 17. Qxe5 Nxe5 18. Rae1 f6 19. Nf4 exf5 20. Nxd5 Kf7 21. Rxf5
Bd6 22. Ref1 Rad8 23. Ba5 Rd7 24. Kg1 Bb8 25. c4 Re8 26. Bc3 b4 27. Bd2 Nxd3
28. Bf3 Re5 29. Bh5+ Kg8 30. Bg4 Bxd5 31. cxd5 Rdxd5 32. b3 Rxf5 33. Bxf5 Kf7
34. Bc8 a5 35. Ba6 Ne5 36. Bf4 Ke7 37. Rc1 Bd6 38. Bb7 Rd3 39. Be4 Rd4 40. Re1
c4 41. bxc4 Rxc4 42. Bd5 Rc3 43. Bb3 g5 44. Bc1 Kd7 45. Rf1 Ke7 46. Kg2 h5 47.
Rd1 Rd3 48. Re1 h4 49. gxh4 gxh4 50. Be3 h3+ 51. Kh1 Nf3 52. Re2 Be5 53. Bc2
Rd5 54. Bb3 Rd3 55. Bc2 Rd5 56. Bb3 Rd7 57. Bc5+ Kd8 58. Re3 Ng5 59. Re2 Bd4
60. Bf8 Rc7 61. Rd2 Rc1+ 62. Bd1 Ke8 63. Bh6 Ne4 0-1

[Event "Xtracon Grandmaster "]
[Site "Koge"]
[Date "2013.10.18"]
[Round "5"]
[White "Hansen, Lars Henrik Bech"]
[Black "Petrovski, Petruli"]
[Result "1-0"]
[WhiteElo "2073"]
[BlackElo "1864"]
[PlyCount "43"]
[EventDate "2013.10.14"]
[EventType "swiss"]
[EventRounds "9"]
[EventCountry "DEN"]
[Source "ChessBase"]
[SourceDate "2013.11.20"]

1. e4 c5 2. Nc3 Nc6 3. Nf3 g6 4. d4 cxd4 5. Nxd4 Bg7 6. Be3 d6 7. Qd2 a6 8. f3
h5 9. Nd5 Nf6 10. Nxc6 bxc6 11. Bb6 Nxd5 12. Bxd8 Bxb2 13. exd5 Bxa1 14. Ba5
O-O 15. dxc6 Be6 16. c7 Bf6 17. Bd3 h4 18. Qe2 Bd4 19. Bxg6 Bxa2 20. Bd3 e5 21.
c3 Bc5 22. Qxa2 1-0

[Event "Xtracon Grandmaster "]
[Site "Koge"]
[Date "2013.10.18"]
[Round "5"]
[White "Hansen, Rasmus Agertoft"]
[Black "Johansson, Alexander"]
[Result "0-1"]
[WhiteElo "1940"]
[BlackElo "2049"]
[PlyCount "98"]
[EventDate "2013.10.14"]
[EventType "swiss"]
[EventRounds "9"]
[EventCountry "DEN"]
[Source "ChessBase"]
[SourceDate "2013.11.20"]

1. d4 Nf6 2. c4 g6 3. Nc3 Bg7 4. e4 d6 5. Nge2 O-O 6. Ng3 Nbd7 7. Be2 e5 8. d5
a5 9. h4 h5 10. Bg5 c6 11. dxc6 bxc6 12. Qxd6 Qb6 13. Qa3 Rb8 14. Na4 Qc7 15.
c5 Rb4 16. Bd3 Qa7 17. Bd2 Nxc5 18. Nxc5 Qxc5 19. Bxb4 axb4 20. Qb3 Ng4 21. O-O
Qe7 22. Be2 Be6 23. Qc2 Qxh4 24. Bxg4 Bxg4 25. a4 bxa3 26. bxa3 Qg5 27. Qc1 Qe7
28. f3 Bc8 29. Rd1 h4 30. Nf1 Kh7 31. Qxc6 h3 32. Qd6 Qa7+ 33. Kh1 Qf2 34. gxh3
Qxf3+ 35. Kg1 Bxh3 36. Qd2 Qg4+ 37. Kh1 Bh6 38. Qf2 Qxe4+ 39. Kg1 Qg4+ 40. Kh1
Bf4 41. Nh2 Qh5 42. Rd5 Bf5 43. Re1 Kg7 44. Rexe5 Bxe5 45. Rxe5 Rd8 46. Qb2 Kh7
47. Re1 Qh4 48. Qb4 Rd4 49. Qe7 Be4+ 0-1

[Event "Xtracon Grandmaster "]
[Site "Koge"]
[Date "2013.10.18"]
[Round "5"]
[White "Hansen, Verner"]
[Black "Wahlstrom, Lennart"]
[Result "0-1"]
[WhiteElo "1903"]
[BlackElo "2105"]
[PlyCount "78"]
[EventDate "2013.10.14"]
[EventType "swiss"]
[EventRounds "9"]
[EventCountry "DEN"]
[Source "ChessBase"]
[SourceDate "2013.11.20"]

1. e4 e5 2. Nf3 Nc6 3. Bb5 a6 4. Bxc6 dxc6 5. O-O f6 6. d4 exd4 7. Nxd4 c5 8.
Ne2 Qxd1 9. Rxd1 Bd7 10. Bf4 O-O-O 11. Nbc3 Ne7 12. Nd5 Nxd5 13. Rxd5 Be7 14.
Rad1 Be6 15. Rxd8+ Rxd8 16. Rxd8+ Kxd8 17. Nc3 b5 18. a3 Kd7 19. e5 f5 20. Be3
Kc6 21. f4 b4 22. Nb1 Kb5 23. Kf2 Ba2 24. a4+ Kxa4 25. Nd2 Bd5 26. h3 Kb5 27.
g4 g6 28. gxf5 gxf5 29. Nf3 a5 30. Kg3 a4 31. Nh4 Be4 32. c3 bxc3 33. bxc3 a3
34. Bc1 a2 35. Bb2 Kc4 36. Nf3 Kb3 37. Ba1 Bxf3 38. Kxf3 c4 39. Ke3 Kc2 0-1

[Event "Xtracon Grandmaster "]
[Site "Koge"]
[Date "2013.10.18"]
[Round "5"]
[White "Jacobsen, Mikkel Manosri"]
[Black "Nielsen, Lars Aaes"]
[Result "0-1"]
[WhiteElo "1928"]
[BlackElo "2268"]
[PlyCount "92"]
[EventDate "2013.10.14"]
[EventType "swiss"]
[EventRounds "9"]
[EventCountry "DEN"]
[Source "ChessBase"]
[SourceDate "2013.11.20"]

1. d4 g6 2. Bf4 Bg7 3. e3 c5 4. c3 Nc6 5. Nf3 Qb6 6. Qb3 Qxb3 7. axb3 cxd4 8.
exd4 d6 9. b4 Nf6 10. Bc4 Bg4 11. Nbd2 O-O 12. h3 Bxf3 13. Nxf3 Rac8 14. Be2 a6
15. O-O Nd5 16. Bg3 h6 17. Nd2 Nb6 18. Bf3 f5 19. Rfe1 Rfe8 20. Re6 Kf7 21.
Rae1 Be5 22. d5 Bxg3 23. fxg3 Ne5 24. R1xe5 dxe5 25. Rxb6 e4 26. Be2 Rc7 27.
Nc4 Rd8 28. Ne5+ Kg7 29. Bc4 Rd6 30. Rxd6 exd6 31. Nxg6 Kxg6 32. Be2 Kf6 33.
Bd1 Ke5 34. Bb3 e3 35. Kf1 Rg7 36. g4 fxg4 37. h4 Rf7+ 38. Ke2 Rf2+ 39. Kxe3
Rxb2 40. Bd1 Rxg2 41. c4 h5 42. Be2 Rh2 43. Bf1 Rxh4 44. Bg2 Rh2 45. c5 Rxg2
46. c6 bxc6 0-1